08221 2204069 4500001002100000005001500021035002000036008004100056245003700097100002100134250000600155260003200161300001200193020002200205084001400227082000800241650001400249990001200263990001200275990001200287990001200299990001200311990001200323990001200335990001200347990001200359990001200371990001200383990001200395990001200407990001200419990001200431990001200443990001200455990001200467990001200479990001200491990001200503990001200515990001200527990001200539990001200551990001200563990001200575990001200587990001200599990001200611990001200623990001200635990001200647990001200659990001200671990001200683990001200695990001200707990001200719990001200731990001200743990001200755990001200767990001200779990001200791990001200803990001200815990001200827990001200839990001200851990001200863990001200875990001200887990001200899990001200911990001200923990001200935990001200947990001200959990001200971990001200983990001200995990001201007990001201019990001201031990001201043990001201055990001201067990001201079990001201091990001201103990001201115990001201127990001201139990001201151990001201163990001201175990001201187990001201199990001201211990001201223990001201235990001201247990001201259990001201271990001201283990001201295990001201307990001201319990001201331990001201343990001201355990001201367990001201379990001201391990001201403990001201415990001201427990001201439990001201451990001201463990001201475990001201487990001201499990001201511990001201523990001201535990001201547990001201559990001201571990001201583990001201595990001201607990001201619990001201631990001201643990001201655990001201667990001201679990001201691990001201703990001201715990001201727990001201739990001201751990001201763990001201775990001201787990001201799990001201811990001201823990001201835990001201847990001201859990001201871990001201883990001201895990001201907990001201919990001201931990001201943990001201955990001201967990001201979990001201991990001202003990001202015990001202027990001202039990001202051990001202063990001202075990001202087990001202099990001202111990001202123990001202135990001202147990001202159990001202171990001202183990001202195990001202207990001202219990001202231990001202243990001202255990001202267990001202279990001202291990001202303990001202315990001202327990001202339990001202351990001202363990001202375990001202387990001202399990001202411990001202423990001202435990001202447990001202459990001202471990001202483990001202495990001202507990001202519990001202531990001202543990001202555990001202567990001202579990001202591990001202603990001202615990001202627990001202639990001202651990001202663990001202675990001202687990001202699990001202711990001202723990001202735990001202747990001202759990001202771990001202783990001202795990001202807990001202819990001202831990001202843990001202855990001202867990001202879990001202891990001202903990001202915990001202927990001202939990001202951990001202963990001202975990001202987990001202999990001203011990001203023990001203035990001203047990001203059990001203071990001203083990001203095990001203107990001203119990001203131990001203143990001203155990001203167990001203179990001203191990001203203990001203215990001203227990001203239990001203251990001203263990001203275990001203287990001203299990001203311990001203323990001203335990001203347990001203359990001203371990001203383990001203395990001203407990001203419990001203431990001203443990001203455990001203467990001203479990001203491990001203503990001203515990001203527990001203539990001203551990001203563990001203575990001203587990001203599990001203611990001203623990001203635990001203647990001203659990001203671990001203683990001203695990001203707990001203719990001203731990001203743990001203755990001203767990001203779990001203791990001203803990001203815990001203827990001203839990001203851990001203863990001203875990001203887990001203899990001203911990001203923990001203935990001203947990001203959990001203971990001203983990001203995990001204007990001204019990001204031990001204043990001204055990001204067990001204079990001204091990001204103990001204115990001204127990001204139INLIS00000000000137020240626094851 a0010-0624000002240626 0 ind 1 aPPKN Kelas XI /cTedi Kholiludin aKholiludin, Tedi a1 aJakarta :bKEMDIKBUD,c2021 a198 hlm a978-602-244-320-9 a370 TED p a370 4aNon Fiksi a0748093 a0748094 a0748095 a0748096 a0748097 a0748098 a0748099 a0748100 a0748101 a0748102 a0748103 a0748104 a0748105 a0748106 a0748107 a0748108 a0748109 a0748110 a0748111 a0748112 a0748113 a0748114 a0748115 a0748116 a0748117 a0748118 a0748119 a0748120 a0748121 a0748122 a0748123 a0748124 a0748125 a0748126 a0748127 a0748128 a0748129 a0748130 a0748131 a0748132 a0748133 a0748134 a0748135 a0748136 a0748137 a0748138 a0748139 a0748140 a0748141 a0748142 a0748143 a0748144 a0748145 a0748146 a0748147 a0748148 a0748149 a0748150 a0748151 a0748152 a0748153 a0748154 a0748155 a0748156 a0748157 a0748158 a0748159 a0748160 a0748161 a0748162 a0748163 a0748164 a0748165 a0748166 a0748167 a0748168 a0748169 a0748170 a0748171 a0748172 a0748173 a0748174 a0748175 a0748176 a0748177 a0748178 a0748179 a0748180 a0748181 a0748182 a0748183 a0748184 a0748185 a0748186 a0748187 a0748188 a0748189 a0748190 a0748191 a0748192 a0748193 a0748194 a0748195 a0748196 a0748197 a0748198 a0748199 a0748200 a0748201 a0748202 a0748203 a0748204 a0748205 a0748206 a0748207 a0748208 a0748209 a0748210 a0748211 a0748212 a0748213 a0748214 a0748215 a0748216 a0748217 a0748218 a0748219 a0748220 a0748221 a0748222 a0748223 a0748224 a0748225 a0748226 a0748227 a0748228 a0748229 a0748230 a0748231 a0748232 a0748233 a0748234 a0748235 a0748236 a0748237 a0748238 a0748239 a0748240 a0748241 a0748242 a0748243 a0748244 a0748245 a0748246 a0748247 a0748248 a0748249 a0748250 a0748251 a0748252 a0748253 a0748254 a0748255 a0748256 a0748257 a0748258 a0748259 a0748260 a0748261 a0748262 a0748263 a0748264 a0748265 a0748266 a0748267 a0748268 a0748269 a0748270 a0748271 a0748272 a0748273 a0748274 a0748275 a0748276 a0748277 a0748278 a0748279 a0748280 a0748281 a0748282 a0748283 a0748284 a0748285 a0748286 a0748287 a0748288 a0748289 a0748290 a0748291 a0748292 a0748293 a0748294 a0748295 a0748296 a0748297 a0748298 a0748299 a0748300 a0748301 a0748302 a0748303 a0748304 a0748305 a0748306 a0748307 a0748308 a0748309 a0748310 a0748311 a0748312 a0748313 a0748314 a0748315 a0748316 a0748317 a0748318 a0748319 a0748320 a0748321 a0748322 a0748323 a0748324 a0748325 a0748326 a0748327 a0748328 a0748329 a0748330 a0748331 a0748332 a0748333 a0748334 a0748335 a0748336 a0748337 a0748338 a0748339 a0748340 a0748341 a0748342 a0748343 a0748344 a0748345 a0748346 a0748347 a0748348 a0748349 a0748350 a0748351 a0748352 a0748353 a0748354 a0748355 a0748356 a0748357 a0748358 a0748359 a0748360 a0748361 a0748362 a0748363 a0748364 a0748365 a0748366 a0748367 a0748368 a0748369 a0748370 a0748371 a0748372 a0748373 a0748374 a0748375 a0748376 a0748377 a0748378 a0748379 a0748380 a0748381 a0748382 a0748383 a0748384 a0748385 a0748386 a0748387 a0748388 a0748389 a0748390 a0748391 a0748392 a0748393 a0748394 a0748395 a0748396 a0748397 a0748398 a0748399 a0748400 a0748401 a0748402 a0748403 a0748404 a0748405 a0748406 a0748407 a0748408 a0748409 a0748410 a0748411 a0748412 a0748413 a0748414 a0748415 a0748416